Nimeä valtio loppukirjaimen mukaan A-Ö - Statistics

Yleistilastot
  • Tätä visaa on pelattu 638 kertaa
  • Keskiarvotulos 13 / 17
Vastaustilastot
Letter # Vastaus % Oikein
A 91 Albania | Algeria | Andorra | Angola | Antigua ja Barbuda | Argentiina | Armenia | Australia | Bahama | Belgia | Bolivia | Bosnia ja Hertsegovina | Botswana | Brasilia | Bulgaria | Costa Rica | Dominica | Dominikaaninen tasavalta | Eritrea | Espanja | Etelä-Afrikka | Etelä-Korea | Etiopia | Gambia | Georgia | Ghana | Grenada | Guatemala | Guinea | Guyana | Indonesia | Intia | Italia | Itävalta | Jamaika | Jordania | Kambodža | Kanada | Kenia | Keski-Afrikan tasavalta | Kiina | Kirgisia | Kolumbia | Kongon demokraattinen tasavalta | Kongon tasavalta | Kreikka | Kroatia | Kuuba | Latvia | Liberia | Libya | Liettua | Malesia | Malta | Mauritania | Mikronesia | Moldova | Mongolia | Namibia | Nicaragua | Nigeria | Norja | Panama | Papua-Uusi-Guinea | Pohjois-Korea | Pohjois-Makedonia | Puola | Päiväntasaajan Guinea | Ranska | Romania | Ruanda | Saint Lucia | Saksa | Sambia | Samoa | Saudi-Arabia | Serbia | Slovakia | Slovenia | Somalia | Sri Lanka | Syyria | Tansania | Tanska | Thaimaa | Tonga | Tunisia | Uganda | Ukraina | Venezuela | Yhdistynyt kuningaskunta
100%
I 21 Brunei | Burundi | Djibouti | Egypti | Eswatini | Fidži | Haiti | Irlanti | Islanti | Japani | Kiribati | Malawi | Mali | Portugali | Ruotsi | Suomi | Sveitsi | Tšekki | Turkki | Unkari | Uusi-Seelanti
98%
N 20 Afganistan | Azerbaidžan | Bahrain | Benin | Bhutan | Etelä-Sudan | Gabon | Iran | Jemen | Kamerun | Kazakstan | Libanon | Liechtenstein | Oman | Pakistan | Sudan | Tadžikistan | Taiwan | Turkmenistan | Uzbekistan
97%
O 13 Burkina Faso | Kosovo | Lesotho | Marokko | Meksiko | Monaco | Montenegro | Norsunluurannikko | San Marino | Togo | Trinidad ja Tobago | Vatikaanivaltio | Viro
94%
T 11 Alankomaat | Filippiinit | Komorit | Kuwait | Malediivit | Marshallinsaaret | Saint Vincent ja Grenadiinit | Salomonsaaret | Seychellit | Yhdistyneet arabiemiirikunnat | Yhdysvallat
93%
R 7 Ecuador | El Salvador | Itä-Timor | Madagaskar | Myanmar | Niger | Qatar
90%
U 6 Guinea-Bissau | Nauru | Palau | Peru | Tuvalu | Vanuatu
89%
E 8 Belize | Chile | Kap Verde | São Tomé ja Príncipe | Sierra Leone | Singapore | Suriname | Zimbabwe
87%
S 6 Barbados | Honduras | Kypros | Laos | Mauritius | Saint Kitts ja Nevis
85%
L 3 Israel | Nepal | Senegal
83%
K 2 Irak | Mosambik
81%
Ä 2 Valko-Venäjä | Venäjä
74%
D 1 Tšad
67%
Y 2 Paraguay | Uruguay
60%
M 1 Vietnam
54%
H 1 Bangladesh
49%
G 1 Luxemburg
44%
Ehtoja vastaavia visoja ei löytynyt
Tulosjakauma
Jokaisen tuloksen saaneiden osuus
Persentiili vastausten määrän mukaan
Tuloshistoriasi
Et ole pelannut tätä visaa